000 00533 a2200205 4500
001 63262
005 20260407155929.0
008 260407a arg spa d
003 AR-UNSa-BCEJYS
040 _aAR-UNSa-BCEJYS
_bspa
_cAR-UNSa-BCEJYS
080 _a512
_xAlgebra
245 1 0 _aMil problemas de aritmética y álgebra
250 _a3a. ed.
264 1 _aMadrid :
_bDossat
300 _a282 p.
_c21 cm.
041 _aspa
942 _cBK
590 _aniveau_biblio:m niveau_hierar:0
100 1 _aMataix Plana, José Luis
999 _c8075
_d8075